[Event "BUL-chT 61th"]
[Site "Albena"]
[Date "2011.06.08"]
[Round "7.1"]
[White "Krastev, Goran"]
[Black "Milchev, Nikolay"]
[Result "0-1"]
[WhiteElo "1967"]
[BlackElo "2371"]
[PlyCount "148"]
[EventDate "2011.06.02"]
[EventType "team-tourn"]
[EventRounds "7"]
[EventCountry "BUL"]
[SourceTitle "CBM 142 Extra"]
[Source "ChessBase"]
[SourceDate "2011.06.27"]
[SourceVersion "1"]
[SourceVersionDate "2011.06.27"]
[SourceQuality "1"]
[WhiteTeam "Sofia CSKA"]
[BlackTeam "Maritsa Iztok Radnevo"]
[WhiteTeamCountry "BUL"]
[BlackTeamCountry "BUL"]

1. d4 d5 2. Nf3 Nc6 3. Bf4 Bg4 4. e3 e6 5. c3 Bd6 6. Bxd6 cxd6 7. Nbd2 Nf6 8. h3 Bh5 9. Be2 0-0 10. g4 Bg6 11. g5 Ne4 12. h4 Bh5 13. Nxe4 dxe4 14. Nd2 Bxe2 15. Qxe2 d5 16. 0-0-0 f5 17. f4 a5 18. Qb5 Qc7 19. Nb3 b6 20. a4 Na7 21. Qa6 Qc6 22. Kc2 Nc8 23. Qb5 Qxb5 24. axb5 Nd6 25. Nd2 Nxb5 26. Ra1 Rfc8 27. Ra4 Rc6 28. Kb3 Rac8 29. Rc1 Nd6 30. Kc2 Kf7 31. h5 Ke7 32. Kb3 Kd7 33. Kc2 R8c7 34. Kb3 Kc8 35. Kc2 Kb7 36. Kb3 Ka6 37. Rca1 Nb7 38. Kc2 Rc8 39. Nb3 Rc4 40. R4a3 R4c7 41. Nd2 Nd6 42. Ra4 Kb5 43. R4a3 Ra7 44. Rb3+ Kc6 45. Rba3 Rca8 46. Kb3 b5 47. Kc2 Kb6 48. R3a2 a4 49. Ra3 Rc7 50. R3a2 Rac8 51. Ra3 Rc6 52. R3a2 R8c7 53. Ra3 Kb7 54. R3a2 Nc8 55. Ra3 Nb6 56. Kd1 Rc8 57. R3a2 R6c7 58. Ra3 Kc6 59. R3a2 b4 60. cxb4 Kb5 61. b3 axb3 62. Nxb3 Rc3 63. Nc5 Rxe3 64. Ra3 Rxa3 65. Rxa3 Nc4 66. Ra7 Kxb4 67. Rxg7 Ra8 68. Rxh7 Ra1+ 69. Ke2 Ra2+ 70. Ke1 Nd2 71. Rb7+ Kc4 72. h6 Nf3+ 73. Kf1 e3 74. Ra7 Rf2# 0-1

[Event "Sofia Baharov Memorial 18th"]
[Site "Sofia"]
[Date "2010.11.26"]
[Round "2"]
[White "Mladenov, Plamen"]
[Black "Krastev, Goran"]
[Result "1-0"]
[WhiteElo "2389"]
[BlackElo "1968"]
[PlyCount "77"]
[EventDate "2010.11.25"]
[EventType "swiss"]
[EventRounds "7"]
[EventCountry "BUL"]
[SourceTitle "CBM 139 Extra"]
[Source "ChessBase"]
[SourceDate "2011.01.05"]
[SourceVersion "1"]
[SourceVersionDate "2011.01.05"]
[SourceQuality "1"]

1. e4 c5 2. Nf3 a6 3. c4 Nc6 4. d4 cxd4 5. Nxd4 d6 6. Nc3 g6 7. Be3 Bg7 8. Be2 Bd7 9. 0-0 Nf6 10. Qd2 Ng4 11. Bxg4 Bxg4 12. Nxc6 bxc6 13. c5 dxc5 14. Qc2 Bd4 15. Bh6 Qd6 16. h3 Bxh3 17. e5 Qxe5 18. Rae1 Bf5 19. Qa4 Qd6 20. Rd1 f6 21. Ne2 Bg4 22. Rd2 Bxe2 23. Rxe2 Kf7 24. Qb3+ Qd5 25. Qb7 Rhe8 26. Rxe7+ Rxe7 27. Qxa8 Bxf2+ 28. Kxf2 Qd4+ 29. Kg3 Re4 30. Qf8+ Ke6 31. Qe8+ Kd6 32. Bf4+ Rxf4 33. Rxf4 Qxb2 34. Qf8+ Kc7 35. Qxc5 Qxa2 36. Rxf6 Qb3+ 37. Rf3 Qe6 38. Re3 Qc8 39. Re7+ 1-0

[Event "Bobotsov Memorial 2nd"]
[Site "Sofia"]
[Date "2010.05.03"]
[Round "5"]
[White "Krastev, Goran"]
[Black "Raeva, Elitsa"]
[Result "0-1"]
[WhiteElo "1996"]
[BlackElo "2238"]
[PlyCount "84"]
[EventDate "2010.04.30"]
[EventType "swiss"]
[EventRounds "9"]
[EventCountry "BUL"]
[SourceTitle "CBM 136 Extra"]
[Source "ChessBase"]
[SourceDate "2010.07.02"]
[SourceVersion "2"]
[SourceVersionDate "2010.07.15"]
[SourceQuality "1"]

1. e4 c5 2. b4 cxb4 3. a3 e5 4. Bc4 Nf6 5. d3 bxa3 6. Nf3 Bc5 7. Nxe5 Qa5+ 8. Qd2 Bxf2+ 9. Kxf2 Qxe5 10. Qc3 Nc6 11. Qxe5+ Nxe5 12. Bb3 d6 13. Bxa3 Ke7 14. d4 Nc6 15. e5 Ng4+ 16. Kg3 Nxd4 17. Bxd6+ Ke8 18. Ba4+ b5 19. Rd1 Ne3 20. Rxd4 Nf5+ 21. Kf4 Nxd4 22. Ke4 bxa4 23. Kxd4 f6 24. Nc3 Kd7 25. Nxa4 Kc6 26. c4 fxe5+ 27. Bxe5 Rd8+ 28. Kc3 Bf5 29. Nb2 Rd7 30. Ra6+ Kb7 31. Ra5 g6 32. Na4 Rd1 33. Rb5+ Kc8 34. Rc5+ Kd8 35. Bc7+ Ke8 36. Bf4 Rc8 37. Re5+ Kf7 38. Ra5 a6 39. Nb2 Rf1 40. g3 Rc6 41. Na4 Rf3+ 42. Kd4 Rd3+ 0-1

[Event "Bobotsov Memorial 2nd"]
[Site "Sofia"]
[Date "2010.05.02"]
[Round "3"]
[White "Krastev, Goran"]
[Black "Genov, Delyan"]
[Result "1-0"]
[WhiteElo "1996"]
[BlackElo "1800"]
[PlyCount "31"]
[EventDate "2010.04.30"]
[EventType "swiss"]
[EventRounds "9"]
[EventCountry "BUL"]
[SourceTitle "CBM 136 Extra"]
[Source "ChessBase"]
[SourceDate "2010.07.02"]
[SourceVersion "2"]
[SourceVersionDate "2010.07.15"]
[SourceQuality "1"]

1. e4 c6 2. d4 g6 3. Bd3 Bg7 4. Ne2 Nf6 5. c3 d6 6. 0-0 0-0 7. f4 e6 8. Nd2 b6 9. e5 dxe5 10. fxe5 Nd5 11. Ne4 Ba6 12. c4 Nb4 13. Bg5 Qd7 14. Nf6+ Bxf6 15. Bxf6 Nxd3 16. Qd2 1-0